[Event "New Zealand Open 2018"]
[Site "Palmerston North"]
[Date "2018.01.07"]
[Round "7.2"]
[White "Gao, Hans"]
[Black "Hague, Ben"]
[Result "1/2-1/2"]
[WhiteElo "2167"]
[BlackElo "2368"]
[PlyCount "82"]
[EventDate "2018.??.??"]

1. e4 c5 2. Nc3 Nc6 3. Nf3 e5 4. Bc4 Be7 5. d3 Nf6 6. O-O O-O {Diagram #} 7.
Ng5 $1 {Playing this here is a rather neat transpositional trick, that has
been played by So, Nakamura and others. It's much more common to play the move
when Black has played ...d6 rather than ...O-O on their last move. Then it
comes with tempo against f7 allowing time for f4 ahead of ...h6 (which is the
goal - White wants to play f2-f4 over the top of the Knight on f3 but
unfortunately the rules don't allow that in one move).} h6 8. f4 $1 {
The trick is that White has time for this even in this move order} exf4 (8...
hxg5 $2 9. fxg5 {sees Black getting destroyed on the Kingside. The details are
left as an exercise for the reader}) 9. Nf3 d6 10. Bxf4 {We have transposed to,
for example Kramnik-Leko Linares 2003 which reached the same position by a
more conventional route after 1.e4 c5 2.Nf3 Nc6 3.Nc3 e5 4.Bc4 d6 5.d3 Be7 6.
O-O Nf6 7.Ng5 O-O 8.f4 exf4 9.Bxf4 h6 10.Nf3} Bg4 {This reasonable looking
move is a near novelty. ...Be6 instead has been played literally hundreds of
times.} 11. Qd2 Kh7 12. Kh1 Qd7 13. Nd5 Nxd5 14. Bxd5 Bf6 15. c3 Be6 {
Maybe 10...Be6 really would have been more logical, but really the game is
level anyway.} 16. Qe1 Rae8 17. Qg3 Bxd5 18. exd5 {Diagram #} Ne5 ({
The computer also likes} 18... Ne7 {as} 19. Bxd6 $2 {
is not good for White after the forcing sequence} Nf5 20. Qg4 Qxd6 21. Qxf5+ g6
22. Qg4 Qxd5) 19. Nd2 g5 $5 {Rather bravely looking to sharpen the game at the
cost of incurring a significant weakness.} 20. Ne4 Bg7 21. Bxe5 Rxe5 22. Nf6+
Bxf6 23. Rxf6 Kg7 24. Raf1 Qe7 25. d4 cxd4 26. cxd4 Rxd5 (26... Re3 {
is also possible} 27. Qxd6 Qxd6 28. Rxd6 {and} Re2 {
is in time for Black to be more than fine}) 27. Qf2 Rb5 (27... Ra5 {
is slightly better} 28. b4 Ra4 {
and Black is more succesfully making a nuisance of himself than in the game})
28. h4 $1 a6 29. a4 Rd5 30. b4 b6 {
Diagram #Black's Rd5 has run dangerously out of squares} 31. Kh2 $1 {Black is r
educed to waiting and White has time to improve his position and look for an
opportunity to play the extremely dangerous Qf3-h5} Qd7 32. g3 Qe7 33. g4 $2 {
Missing his chance} (33. Qf3 $3 {is very strong here} Rxd4 34. Qh5 {is actually
winning as Black runs out of checks if he tries to counterattack (very
computer-ey I know - it's tough criticising human players for this sort of
thing)} Rd2+ $2 (34... Qxf6 {is necessary but it leads to a very bad ending})
35. Kh3 Qd7+ (35... Qxf6 {is now completely impossible because the Rook is on
a more exposed square and drops off} 36. Rxf6 Kxf6 37. Qxh6+ {etc}) 36. g4 Rd3+
37. Kh2 Rd2+ 38. Kg1 {and mate is inevitable, eg} Rd5 39. Qxh6+ Kg8 40. Rg6+)
33... gxh4 {Black now activates his pieces and the game burns out to a draw
after some accurate play from both players} 34. Qxh4 Qe3 35. R6f4 Rg5 36. Rf6
Rg6 37. Rxg6+ Kxg6 38. Qf6+ Kh7 39. Qxd6 Qe2+ 40. Kg3 Qxf1 41. Qxf8 Qd3+
1/2-1/2

[Event "Major Open 2018"]
[Site "Palmerston North"]
[Date "2018.01.01"]
[Round "1"]
[White "Aaron Wang"]
[Black "Leon Kempen"]
[Result "1/2-1/2"]
[WhiteElo "1487"]
[BlackElo "1888"]
[PlyCount "152"]
[EventDate "2018.??.??"]

1. c4 c5 2. Nc3 g6 3. g3 Bg7 4. Bg2 Nc6 5. Nf3 d6 6. O-O Nf6 7. d4 cxd4 8. Nxd4
Bd7 9. e4 O-O 10. Be3 Ng4 11. Nxc6 bxc6 12. Qd2 Nxe3 13. Qxe3 Qa5 14. a3 Bxc3
15. bxc3 Rab8 16. Rfb1 Qxa3 {Diagram # White gets a rude shock. Black's queen
cannot be taken because of ...Rb1+ and ...Bh3.} 17. Bf1 Rxb1 18. Rxb1 c5 19.
Rb7 Rd8 20. Rc7 Qa5 21. Rb7 Qa6 22. Rb3 Be6 23. Rb5 Qa1 24. Qd3 Bh3 25. Rb1
Bxf1 26. Rxf1 Qa5 27. Rb1 Qc7 28. Qd5 Rb8 29. Rb5 e6 30. Rxb8+ Qxb8 31. Qc6 Qb6
32. Qa8+ Kg7 33. Kg2 a5 34. h3 Qb1 35. e5 dxe5 36. Qxa5 Qe4+ 37. Kh2 Qxc4 38.
h4 h5 39. Qa1 Qd5 40. Qe1 c4 41. Qe3 e4 42. Kg2 e5 43. Kh3 Qd3 44. Qe1 Kf6 45.
Kh2 Ke6 46. Kg2 f5 47. Qc1 f4 48. gxf4 Qf3+ 49. Kg1 exf4 {Diagram # Black is
two pawns ahead, and looking like a clear winner. But White defends admirably.}
50. Qa3 Qd1+ 51. Kh2 Qd6 52. Qa4 f3+ 53. Kg1 Kf7 54. Qxc4+ Qe6 55. Qc7+ Ke8 56.
Qb8+ Kd7 57. Qb7+ Kd6 58. Qb8+ Kc6 59. Qa8+ Kc7 60. Qa7+ Kd8 61. Qb8+ Ke7 62.
Qc7+ Kf8 63. Qd8+ Kf7 64. Qc7+ Qe7 65. Qf4+ Kg7 66. c4 Qe6 67. Qc7+ Kf6 68.
Qf4+ Ke7 69. Qc7+ Ke8 70. Qb8+ Kd7 71. Qb7+ Kd6 72. Qb6+ Ke5 73. Qc5+ Kf6 74.
Qf8+ Ke5 75. Qc5+ Kf6 76. Qf8+ Ke5 1/2-1/2

[Event "Major Open 2018"]
[Site "Palmerston North"]
[Date "2018.01.03"]
[Round "3"]
[White "Dion Charles"]
[Black "Stanley Yee"]
[Result "0-1"]
[WhiteElo "1747"]
[BlackElo "1898"]
[PlyCount "68"]
[EventDate "2018.??.??"]

1. e4 c5 2. Nf3 e6 3. d4 cxd4 4. Nxd4 a6 5. Bd3 Nf6 6. O-O d6 7. Be3 Be7 8. c4
O-O 9. Nc3 Nbd7 10. Qe2 Qc7 11. a3 Ne5 12. Rac1 Nxd3 13. Qxd3 b6 14. Rfd1 Ng4
15. h3 Nxe3 16. Qxe3 Bb7 17. f4 h6 18. g4 Rad8 19. g5 hxg5 20. fxg5 Qc5 21. h4
f5 22. Nd5 {
Diagram # An interesting sacrifice. Is there enough compensation for the piece?
} exd5 23. cxd5 Qa5 24. Nxf5 Rd7 25. h5 b5 26. h6 Qd8 27. hxg7 Rxf5 {
Giving material back, but breaking up White's attack.} 28. exf5 Bxg5 29. Qe6+
Kxg7 30. Kh1 Bxc1 31. Rg1+ Kh8 32. Qg6 Qh4+ 33. Kg2 Rg7 34. Rh1 Bxd5+ 0-1

[Event "Major Open 2018"]
[Site "Palmerston North"]
[Date "2018.01.04"]
[Round "4"]
[White "John Packenham"]
[Black "Michael Sole"]
[Result "0-1"]
[WhiteElo "1681"]
[BlackElo "1801"]
[PlyCount "56"]
[EventDate "2018.??.??"]

1. Nf3 d6 2. d4 f5 3. g3 Nf6 4. Bg2 g6 5. c4 Bg7 6. O-O O-O 7. Qc2 Nc6 8. a3 e5
9. dxe5 dxe5 10. Rd1 Qe8 11. e3 Bd7 12. Nc3 e4 13. Nd4 Ne5 14. Bf1 c6 15. Kg2
g5 16. Be2 Qg6 17. Rh1 Bh6 18. f4 exf3+ 19. Nxf3 Rae8 20. Nd1 Ne4 21. Nxe5 Rxe5
22. Bf3 f4 {Diagram # White may hold off the attack with g4, but plays instead}
23. exf4 gxf4 24. Nf2 fxg3 25. Bxe4 Rxf2+ 26. Qxf2 Qxe4+ 27. Qf3 Bh3+ 28. Kxh3
Qxf3 0-1

[Event "Major Open 2018"]
[Site "Palmerston North"]
[Date "2018.01.04"]
[Round "4"]
[White "Leon Kempen"]
[Black "Oliver Picken"]
[Result "1-0"]
[WhiteElo "1888"]
[BlackElo "1769"]
[PlyCount "49"]
[EventDate "2018.??.??"]

1. d4 Nf6 2. c4 e5 3. dxe5 Ng4 4. Bf4 g5 {Oliver chooses a rare line in the
Budapest gambit, but Leon was happy with the challenge.} 5. Bg3 Bg7 6. Nf3 Nc6
7. h4 Ngxe5 8. Nxe5 Nxe5 9. hxg5 ({Alternatively} 9. Nc3 h6 10. Qc2 g4 11. e3
d6 12. Be2 O-O 13. O-O-O {
gives an exciting, open game, with approximately equal chances.}) 9... Nxc4 10.
Nc3 d6 {Diagram # Black blunders a piece.} (10... c6 {was necessary, when the
position is sharp. The game might have gone something like} 11. e4 Nxb2 12. Qd2
d5 13. exd5 Qe7+ 14. Be2 Nc4 15. Qd3 Bg4 16. Rc1 Bxc3+ 17. Rxc3 Bxe2 18. Qxe2
Qxe2+ 19. Kxe2 cxd5 20. Rd3 O-O-O {with equal chances. Instead}) 11. Qa4+ c6
12. Qxc4 d5 13. Qd3 Be6 14. Rxh7 Rxh7 15. Qxh7 Kf8 16. e3 c5 17. Be2 d4 18. Ne4
d3 19. Bd6+ Ke8 20. Bxd3 c4 21. Qxg7 Qa5+ 22. b4 cxb3+ 23. Kf1 Kd7 24. axb3 Qd5
25. Nf6+ 1-0

[Event "Major Open 2018"]
[Site "Palmerston North"]
[Date "2018.01.07"]
[Round "7"]
[White "Nigel Cooper"]
[Black "Oliver Picken"]
[Result "0-1"]
[WhiteElo "1692"]
[BlackElo "1769"]
[PlyCount "94"]
[EventDate "2018.??.??"]

1. f4 e5 2. fxe5 d6 3. exd6 Bxd6 4. Nf3 g5 5. e4 {
I choose a less common line in the From's gambit. The usual moves are g3 or d4.
} g4 6. Bb5+ c6 7. Bc4 gxf3 8. Qxf3 Be6 9. Bxe6 fxe6 10. Qh5+ Kd7 11. O-O Qe8
12. Rf7+ Ne7 13. d4 h6 14. Qf3 Na6 15. e5 Bc7 16. Qf6 {Diagram # A crucial
mistake. White wastes a tempo, and Black takes the initiative from here on. 16.
c3 would have been better, when both sides have chances.} Rf8 17. Rxf8 Qxf8 18.
Qxf8 Rxf8 19. Bxh6 Rh8 20. Bd2 c5 21. c3 cxd4 22. cxd4 Nf5 23. Bc3 Bb6 24. Na3
Ke7 25. Nc2 Nc7 26. g4 Nh6 27. h3 Nf7 28. Kg2 Nd5 29. Bd2 Kf8 30. Kg3 Kg7 31.
h4 Bd8 32. Rh1 Ng5 33. Bc1 Be7 34. Rh2 Ne4+ 35. Kf3 Bg5 36. Bxg5 Nxg5+ 37. Kg3
Nf7 38. g5 Kg6 {
Diagram # White is holding, and the kingside pawns are strong. But I blunder:}
39. Kg4 Nxg5 40. h5+ Kh6 41. Rf2 Rg8 42. Kh4 Ne4 43. Rf7 Ng3 44. Rxb7 {
Diagram #(Ed: A cute finish ensues)} Nf5+ 45. Kh3 Nf4+ 46. Kh2 Rg2+ 47. Kh1
Ng3# 0-1

[Event "Major Open 2018"]
[Site "Palmerston North"]
[Date "2018.01.08"]
[Round "8"]
[White "Hamish Gold"]
[Black "Laurens Goormachtigh"]
[Result "0-1"]
[WhiteElo "1749"]
[BlackElo "1692"]
[PlyCount "78"]
[EventDate "2018.??.??"]

1. d4 Nf6 2. Nf3 e6 3. Bf4 d5 4. Nbd2 c5 5. c3 Nc6 6. e3 Bd6 7. Ne5 O-O 8. Bd3
Ne7 9. g4 Ne8 10. Qf3 f6 11. Qh3 g6 12. Nef3 Bxf4 13. exf4 cxd4 14. cxd4 Nd6
15. Rg1 Bd7 16. Qh6 Bb5 17. Bxb5 Nxb5 18. h4 Kh8 19. f5 {Diagram # White must
attack but pushing the g or h pawns endangers his Queen. Therefore he tries
the f pawn, but this loses a pawn and the initiative.} exf5 20. gxf5 Nxf5 21.
Qf4 Qe7+ 22. Kf1 Rae8 23. h5 Qe2+ 24. Kg2 Ne3+ 25. Kh1 g5 26. Qh2 Nf5 27. Rae1
Qd3 28. Rd1 Nbxd4 29. Nxd4 Qxd4 30. Qh3 Qh4 31. Qxh4 Nxh4 32. Rg3 Re2 33. Kg1
Rfe8 34. Kf1 Kg7 35. Nb3 Rxb2 36. Rc1 Ree2 37. Rc7+ Kh6 38. Rf7 Rxf2+ 39. Kg1
Nf3+ 0-1

[Event "Major Open 2018"]
[Site "Palmerston North"]
[Date "2018.01.08"]
[Round "8"]
[White "Ryan Winter"]
[Black "Oliver Picken"]
[Result "1/2-1/2"]
[WhiteElo "1470"]
[BlackElo "1769"]
[PlyCount "57"]
[EventDate "2018.??.??"]

1. e4 c5 2. Nc3 a6 3. Nge2 d6 4. g3 b5 5. Bg2 Bb7 6. O-O Nd7 7. d3 e6 8. f4 Qc7
9. Be3 Be7 10. f5 exf5 11. Rxf5 Ngf6 12. Qd2 h6 13. h3 Rd8 14. Raf1 Ne5 15. Nf4
b4 16. Ncd5 Nxd5 17. Nxd5 Bxd5 18. exd5 Bf6 {
Diagram #White decides to sacrifice to open up the board.} 19. Rxf6 gxf6 20.
Bxh6 Rg8 21. g4 Qe7 22. c3 bxc3 23. bxc3 c4 24. d4 Nd3 25. Kh2 Rb8 26. Qd1 Kd8
27. Qa4 Qe2 28. Qxa6 Rb2 {Diagram #} 29. Qxd6+ {
A fine effort by young Ryan, who finished in 3= place on 6.5 points.} ({
Ed: A nice game and a good result, but I would be derelict in my duty as
editor if I didn't note that [the computer informs me that :-] White can win
the game with the elegant and not too difficultmanoeuvre} 29. Qxd6+ Ke8 30.
Qc6+ Kd8 31. d6 $1 Qe6 32. Qc7+ Ke8 33. Kh1 {and White's attack is stronger,
his King safer, and he is about to collect more material}) 1/2-1/2

[Event "Sub-zt 2.3.2"]
[Site "Managua NCA"]
[Date "2001.07.05"]
[Round "6"]
[White "Jimenez Molina, Juan Leon"]
[Black "Arias Santana, Mauricio"]
[Result "1/2-1/2"]
[WhiteElo "2222"]
[BlackElo "2207"]
[PlyCount "45"]
[EventDate "2001.??.??"]

1. c4 c6 2. Nc3 Nf6 3. Nf3 d6 4. d3 e6 5. d4 d5 6. Bg5 dxc4 7. e4 b5 8. e5 h6
9. Bh4 g5 10. Nxg5 hxg5 11. Bxg5 Nbd7 12. exf6 Bb7 13. g3 c5 14. d5 Nb6 {
The first non-theoretical move} 15. dxe6 Qxd1+ 16. Rxd1 Bxh1 17. e7 a6 18. h4
Bh6 19. f4 b4 20. Rd6 Rb8 21. Nd1 Bxg5 22. fxg5 {Diagram #White has only 3
pawns for a Rook, but the it's not clear how the Rook on h8 can ever join the
game - in fact White is probably just winning} Nd5 23. Bxc4 {
The players wimped out now which is a shame} (23. Bxc4 Nxe7 24. fxe7 Kxe7 25.
Rf6 {and White has rough material equality and dominates the board}) 1/2-1/2

[Event "Club Championship 2016"]
[Site "Wellington Chess Club"]
[Date "2016.11.03"]
[Round "9"]
[White "Nyberg, Michael"]
[Black "Forster, Bill"]
[Result "1/2-1/2"]
[WhiteElo "2085"]
[BlackElo "2066"]
[PlyCount "147"]
[EventDate "2016.??.??"]

1. c4 Nf6 2. Nc3 c6 3. Nf3 d5 4. d4 e6 5. Bg5 dxc4 6. e4 b5 7. e5 h6 8. Bh4 g5
9. Nxg5 hxg5 10. Bxg5 Nbd7 11. exf6 Bb7 12. a4 {The first non-theoretical move}
(12. g3 c5 13. d5 {is typical Bot play}) 12... Bb4 13. Qf3 {Diagram #} Qa5 $2 {
My first poor move, b6 is usually the best square} ({Lee (2243) - Shulman
(2616), Las Vegas 2007 featured Black building a massive central presence} 
13... Qb6 14. Be2 c5 15. d5 exd5 16. O-O d4 17. Nd5 Qd6 18. Qe4+ Ne5 19. f4
Bxd5 20. Qxe5+ Qxe5 21. fxe5 bxa4 22. h4 Kd7 23. Bg4+ Kc6 24. Bd1 a3 25. Ba4+
Kc7 26. bxa3 Bc3 27. Rab1 d3 28. e6 Bd4+ 29. Kh1 fxe6 30. f7 c3 {Diagram #} 31.
Be8 c2 32. Rbc1 Raxe8 33. fxe8=Q Rxe8 34. Rf7+ Kc6 {0-1}) 14. Bd2 O-O-O 15. Qd1
Bxc3 $2 (15... Qb6 {is again the right move, with advantage}) 16. bxc3 Qb6 17.
axb5 cxb5 18. Be3 Rhe8 19. Be2 a6 20. Bf3 Ne5 21. Bxb7+ Qxb7 22. O-O Rg8 23. f3
Nd3 24. Qe2 Qc6 25. Ra2 Kb7 26. Rfa1 Ra8 27. h4 e5 28. dxe5 Nxe5 29. Bg5 Rge8
30. Qf2 Nd3 31. Qg3 Qb6+ 32. Kh2 a5 33. Qg4 Qc7+ 34. f4 {
Diagram # Both sides are advancing pawns in front of their King} b4 $2 {
I take it too far, losing a second pawn and worse heading into an ending which
is lost} 35. Qf3+ Qc6 36. Qxc6+ Kxc6 37. cxb4 Nxb4 38. Rxa5 Rad8 39. Rc1 Re4
40. Ra7 Nd3 41. Rc2 Rd7 42. Rxd7 Kxd7 43. f5 Kd6 {Diagram #} 44. h5 $2 {
Suddenly I am okay, I can claim my strong central control was always giving me
fighting chances} Ke5 45. h6 Kxf5 46. h7 Re8 47. Bh4 Ne5 48. Rf2+ Kg6 49. Re2
Kxh7 50. Kg3 Kg6 51. Rc2 Rc8 52. Rc3 Nd7 53. Kf4 Rc6 54. Rg3+ Kh6 55. Bg5+ Kh7
56. Rh3+ Kg8 57. Rg3 Kh7 58. Rc3 Nxf6 59. Kf5 Ng8 60. Rh3+ Kg7 61. Bd2 Rc5+ 62.
Kf4 f6 63. Bc3 Rc6 64. g4 Kg6 65. Re3 Kf7 66. Re1 Ne7 67. Rd1 Ke6 68. Ke4 f5+
69. gxf5+ Nxf5 70. Rg1 Nd6+ 71. Ke3 Nb5 72. Rg6+ Kd7 73. Rxc6 Kxc6 74. Bg7
1/2-1/2

[Event "Live Chess"]
[Site "Chess.com"]
[Date "2017.09.18"]
[Round "?"]
[White "sumanlop"]
[Black "BillForster"]
[Result "0-1"]
[WhiteElo "1547"]
[BlackElo "1619"]
[PlyCount "78"]
[EventDate "2017.??.??"]

1. d4 d5 2. c4 c6 3. Nc3 Nf6 4. Nf3 e6 5. Bg5 dxc4 6. e4 b5 7. e5 h6 8. exf6 $2
{This can't be good, Black gets all the his normal Bot benefits, but White
doesn't get his extra pawn or a kingside pawn mass.} hxg5 9. fxg7 Bxg7 10. a4
b4 11. Ne4 Ba6 12. Nexg5 Qa5 13. Qd2 Nd7 14. Ne4 Ke7 15. Qg5+ Qxg5 16. Nfxg5
Bxd4 17. O-O-O c5 18. b3 Ne5 19. f4 Nd3+ {Diagram #} 20. Bxd3 cxd3 21. Nf3 Be3+
22. Kb2 c4 23. bxc4 Bxc4 24. Ned2 Bd5 25. Ne5 Bd4+ 26. Kb1 Rac8 27. Nxd3 b3 28.
Nb4 Rh5 29. Nxd5+ Rxd5 30. Nxb3 Rb8 31. Ka2 Rb4 32. Nxd4 Rxa4+ 33. Kb3 Raxd4
34. Rxd4 Rxd4 35. g3 Rd2 36. h4 Kf6 37. Kc3 Rg2 38. Rh3 Kf5 39. Kd4 Kg4 {
I bungled my huge earlier advantage and win on time when only slightly better}
0-1

[Event "Live Chess"]
[Site "Chess.com"]
[Date "2017.07.06"]
[Round "?"]
[White "iq17"]
[Black "BillForster"]
[Result "0-1"]
[WhiteElo "1526"]
[BlackElo "1543"]
[PlyCount "44"]
[EventDate "2017.??.??"]

1. d4 d5 2. c4 c6 3. Nc3 Nf6 4. Nf3 e6 5. Bg5 dxc4 6. e4 b5 7. e5 h6 8. Bh4 g5
9. exf6 {Another early deviation which hands the advantage to Black} gxh4 10.
Ne4 Bb4+ 11. Nfd2 Nd7 12. a3 Ba5 13. Nd6+ Kf8 14. Nxc8 Rxc8 15. Be2 Qxf6 16.
O-O Rg8 17. b4 Bc7 18. Nf3 Qg7 {Diagram #} 19. g3 hxg3 20. fxg3 Bxg3 21. hxg3
Qxg3+ 22. Kh1 Qg2# 0-1

[Event "Live Chess"]
[Site "Chess.com"]
[Date "2017.12.05"]
[Round "?"]
[White "ca_nighthawk"]
[Black "BillForster"]
[Result "0-1"]
[WhiteElo "1560"]
[BlackElo "1566"]
[PlyCount "72"]
[EventDate "2017.??.??"]

1. d4 d5 2. c4 c6 3. Nc3 Nf6 4. Nf3 e6 5. Bg5 dxc4 6. e4 b5 7. e5 h6 8. Bh4 g5
9. Nxg5 hxg5 10. Bxg5 Nbd7 11. exf6 Qb6 12. Be2 Bb7 13. Bf3 O-O-O {This is a no
rmal Bot position except that White normally plays g3 and Bg2 rather than
Be2-f3} 14. Rc1 Bd6 15. h3 Rdg8 16. Be3 Nxf6 {
Diagram #I am sure I was very happy with the Black position} 17. d5 {
Oh look a free pawn} Nxd5 $4 18. Bxb6 {Whoops. Oh well Black's position still
looks beautiful, and in a 5 minute game you play on. A Bishop is almost a
match for a Queen right? (being able to move like a rook too can't be that
important surely)} axb6 19. Nxd5 cxd5 20. Kf1 Rg5 21. b3 Rhg8 22. Rg1 Bc5 23.
bxc4 bxc4 24. a4 Ba6 25. Qe2 Kb7 {Diagram #My opponent has been drifting,
expecting the game to win itself, but now he spots a tactic} 26. Rxc4 $6 Ka7 $1
{Suddenly Black is right back in the game, and even for choice} ({Of course not
} 26... Bxc4 $2 27. Qxc4) 27. Ke1 Bxc4 28. Qd2 Re5+ 29. Kd1 Bb3+ 30. Kc1 Bxa4
31. Bd1 Rc8 32. Kb1 Bxd1 33. Rxd1 Re4 34. Qa2+ Kb7 35. f3 Rb4+ 36. Ka1 Bd4+ {
Diagram #} (36... Bd4+ 37. Rxd4 Rc1+ {and Black is a rook up}) 0-1

[Event "Live Chess"]
[Site "Chess.com"]
[Date "2017.10.02"]
[Round "?"]
[White "DELFUS"]
[Black "BillForster"]
[Result "0-1"]
[WhiteElo "1649"]
[BlackElo "1567"]
[PlyCount "60"]
[EventDate "2017.??.??"]

1. d4 d5 2. c4 c6 3. Nc3 Nf6 4. Nf3 e6 5. Bg5 dxc4 6. e4 b5 7. e5 h6 8. Bh4 g5
9. Bg3 {
Another anaemic option, Black just has a nice position and an extra pawn} Nd5
10. Nxd5 Qxd5 11. Be2 Bb4+ 12. Kf1 Nd7 13. a3 Bf8 14. b3 Nb6 15. Qc2 Ba6 16. h4
Bg7 17. hxg5 O-O-O 18. b4 hxg5 19. Rxh8 Rxh8 20. Kg1 f6 21. Rd1 g4 22. Nh2 f5 {
Diagram #White has missed some tactical opportunities, but now the underlying
positional merits of Black's positionemerge} 23. f3 Bh6 24. fxg4 Be3+ 25. Kf1
f4 26. Bf3 {Diagram #} fxg3 $1 {It's always fun to sacrifice the Queen. White
collapses quickly, but this is totally winning anyway} 27. Bxd5 gxh2 28. Ke2 ({
or} 28. Bxe6+ Kb8 29. Ke2 Bg1) 28... Nxd5 29. Rh1 Bxd4 30. Qg6 Nf4+ 0-1

[Event "ICC 5 0 r"]
[Site "Internet Chess Club"]
[Date "2016.10.25"]
[Round "?"]
[White "FrankyG"]
[Black "billforsternz"]
[Result "0-1"]
[WhiteElo "1515"]
[BlackElo "1430"]
[PlyCount "38"]
[EventDate "2016.??.??"]

1. d4 d5 2. c4 c6 3. Nc3 Nf6 4. Nf3 e6 5. Bg5 dxc4 6. e4 b5 7. e5 h6 8. Bh4 g5
9. Nxg5 hxg5 10. Bxg5 Nbd7 11. g3 Qb6 12. exf6 Bb7 13. Bg2 O-O-O 14. O-O {
Diagram #} Ne5 $2 {The problem with this move is that White can just take the
knight, a very thematic Bot sacrifice. White has Rook, Knight and Pawn plus
positional domination for the Queen} (14... c5 $1 {is the thematic Bot move})
15. Be3 $2 Nd3 16. d5 c5 17. dxe6 Bxg2 {Diagram #} 18. Kxg2 $2 (18. e7 $1 {
is essential - a very typical Bot pattern}) 18... Qxe6 {Now White is in trouble
} 19. Qf3 $2 (19. h4 {or}) (19. Rh1 {are forced}) 19... Qh3+ {and mate} 0-1

[Event "Live Chess"]
[Site "Chess.com"]
[Date "2016.12.19"]
[Round "?"]
[White "BillForster"]
[Black "kasparoig666"]
[Result "1-0"]
[WhiteElo "1515"]
[BlackElo "1419"]
[PlyCount "57"]
[EventDate "2016.??.??"]

1. d4 d5 2. c4 c6 3. Nf3 Nf6 4. Nc3 e6 5. Bg5 dxc4 6. e4 b5 7. e5 h6 8. Bh4 g5
9. Nxg5 Nd5 {Diagram #This is the Alatortsez variation, which Cox labels
dubious. He provides complicated tactics to pick up the exchange and hold onto
it (see next game).} 10. Qh5 $2 {But of course I hadn't memorized too many
details. This way Black gets two pieces for the rook instead of one} hxg5 11.
Qxh8 gxh4 12. Be2 Qa5 13. O-O Nxc3 14. bxc3 Nd7 15. f4 Bb7 16. Qxh4 Be7 17.
Qh8+ Nf8 18. Bh5 O-O-O 19. Bxf7 {
Diagram #Black is still winning but after the reasonable looking} Nd7 $2 20.
Qh3 $1 {The computer eval swings over to winning for White. The e and f pawns
are going to be very strong} Qxc3 $4 21. Qxc3 {
Another point of Qh3 was that it defended that pawn!} Bb4 22. Qh3 Be1 23. Rfxe1
Nxe5 24. dxe5 Rd7 25. Bxe6 Kb8 26. Bxd7 Bc8 27. Bxc8 b4 28. Qd7 b3 29. Qb7# 1-0

[Event "Live Chess"]
[Site "Chess.com"]
[Date "2017.12.16"]
[Round "?"]
[White "BillForster"]
[Black "zighi96"]
[Result "0-1"]
[WhiteElo "1515"]
[BlackElo "1652"]
[PlyCount "52"]
[EventDate "2017.??.??"]

1. d4 d5 2. c4 c6 3. Nc3 Nf6 4. Nf3 e6 5. Bg5 dxc4 6. e4 b5 7. e5 h6 8. Bh4 g5
9. Nxg5 Nd5 {Diagram #The Alatortsev again} 10. Nxf7 $1 {
This time I spot the right tactic} Qxh4 11. Nxh8 Bb4 12. Qf3 $2 {
Sadly this doesn't work} ({The more conservative} 12. Rc1 {is the book move})
12... Qxd4 13. Qh5+ {My Queen and Knight don't co-ordinate effectively} Kd8 14.
Nf7+ Ke7 (14... Kc7 {
is better demonstrating that all I am doing is chasing him to safety}) 15. Rd1
$1 {This should have forced a draw} Qe4+ $2 {
Now White is seriously better again} (15... Bxc3+ 16. bxc3 Qxc3+ 17. Rd2 Qc1+
18. Rd1 Qc3+) 16. Be2 Nd7 17. O-O Qf5 18. Nxd5+ cxd5 19. Nxh6 $2 (19. Qxf5 $1)
19... Qxh5 20. Bxh5 Nxe5 21. a3 Bd6 22. Rfe1 Bd7 23. f4 Bc5+ 24. Kh1 Nd3 {
Diagram #But I've bungled it and the coordination between Black's centralised
minor pieces and his advanced pawn mass we've seen often in Botvinnikpositions 
is again the decisive factor.} 25. Nf5+ Kd8 26. Re2 exf5 0-1